01044nam a22002537a 4500003000500000005001700005008004100022010001100063011001100074035001100085040000900096100003100105245022100136260004000357500006000397502009100457650002200548650003800570650001100608650004000619650002800659650003900687856006400726CHAP20220329143810.0110905s2011 mx r 00010 spa d a102021 a102993 a113682 cCHAP1 aRoldán Néstor, Ofelia.10aEvaluación del efecto de programas de manejo del moho gris (Botrytis cinerea Pers.) en precosecha en la incidencia en poscosecha en zarzamora en el Estado de Michoacánh[En línea]c/por Ofelia Roldán Néstor aChapingo, Méx. :bEl autor,c2011 aPara ver el contenido del material haga clic en la liga aTesis( M.C. en Protección Vegetal) -- UACH. Departamento de Parasitología Agricola14aBotrytis cinerea.14aManejo integrado de enfermedades.14aMohos.14aZarzamoraxEnfermedades por hongos.14aZarzamoraxMichoacán.14aZarzamoraxTecnologia postcosecha. 3Finding aiduhttp://10.13.5.2/tesis/113682.pdfzTeclea aqui